[Event "Stay Safe Play From Home 359"]
[Site "Emanuel Lasker Arena"]
[Date "2020.08.05"]
[Round "7"]
[White "BrainThinker22"]
[Black "Lamborghini"]
[Result "0-1"]
[WhiteElo "2332"]
[BlackElo "2292"]
[Annotator "NA RC"]
[PlyCount "50"]
[EventDate "2020.08.05"]
[EventType "swiss (blitz)"]

1. e4 {[%emt 0:00:02]} c5 {[%emt 0:00:01]} 2. Nc3 {[%emt 0:00:00]} d6 {[%emt 0:00:00]} 3. g3 {[%emt 0:00:00]} Nc6 {[%emt 0:00:01]} 4. Bg2 {[%emt 0:00:01]} Bd7 {[%emt 0:00:00]} 5. d3 {[%emt 0:00:01]} Qc8 {[%emt 0:00:00]} 6. h3 {[%emt 0:00:00]} h5 {[%emt 0:00:01]} 7. Be3 {[%emt 0:00:01]} g6 {[%emt 0:00:01]} 8. Qd2 {[%emt 0:00:00]} Bg7 {[%emt 0:00:00]} 9. Nge2 {[%emt 0:00:00]} Rb8 {[%emt 0:00:01]} 10. f4 {[%emt 0:00:00]} b5 {[%emt 0:00:01]} 11. a3 {[%emt 0:00:00]} a5 {[%emt 0:00:01]} 12. e5 {[%emt 0:00:01]} Nh6 {[%emt 0:00:03]} 13. Bf2 {[%emt 0:00:04]} O-O {[%emt 0:00:03]} 14. Ne4 {[%emt 0:00:07]} Nf5 {[%emt 0:00:07]} 15. exd6 {[%emt 0:00:03]} Nxd6 {[%emt 0:00:02]} 16. Nxd6 {[%emt 0:00:01]} exd6 {[%emt 0:00:01]} 17. c3 {[%emt 0:00:02]} Re8 {[%emt 0:00:01]} 18. O-O-O {[%emt 0:00:01]} b4 {[%emt 0:00:01]} 19. axb4 {[%emt 0:00:03]} axb4 {[%emt 0:00:01]} 20. d4 {[%emt 0:00:01]} bxc3 {[%emt 0:00:01]} 21. bxc3 {[%emt 0:00:02]} Bf5 {[%emt 0:00:02]} 22. Qa2 {[%emt 0:00:09]} cxd4 {[%emt 0:00:01]} 23. c4 {[%emt 0:00:05]} Nb4 {[%emt 0:00:03]} 24. Qd2 {[%emt 0:00:04]} Qxc4+ {[%emt 0:00:03]} 25. Nc3 {[%emt 0:00:02]} Re2 {[%emt 0:00:04] BrainThinker22 resigns BrainThinker22 resigns BrainThinker22 resigns BrainThinker22 resigns BrainThinker22 resigns} 0-1

[Event "Stay Safe Play From Home 359"]
[Site "Emanuel Lasker Arena"]
[Date "2020.08.05"]
[Round "7"]
[White "SoulofWolf"]
[Black "NTBT_DHS"]
[Result "0-1"]
[WhiteElo "2240"]
[BlackElo "2599"]
[Annotator "TA"]
[PlyCount "58"]
[EventDate "2020.08.05"]
[EventType "swiss (blitz)"]

{[%evp 9,58,-38,-41,-55,-41,-45,-38,-58,-32,-51,-21,-46,-29,-87,-79,-477,-466,-458,-459,-477,-466,-483,-491,-482,-481,-625,-608,-618,-627,-592,-600,-702,-704,-756,-735,-850,-817,-1653,-1682,-1564,-1520,-2002,-1963,-1853,-1626,-1690,-1690,-29998,-29989,-29998,-29999]} 1. c4 g6 2. Nf3 Bg7 3. h4 Nf6 {[#]} 4. d3 $146 ({Predecessor:} 4. Nc3 c5 5. b3 Nc6 6. Bb2 e5 7. g3 d6 8. Bg2 O-O 9. d3 h6 10. Qd2 Be6 {0-1 (34) Bacrot,E (2679)-Niemann,H (2465) chess.com INT 2020}) 4... d6 5. Bg5 h6 6. Bf4 {A10: English Opening: Unusual Replies for Black.} c5 7. Nc3 Nc6 8. e3 {Black is slightly better.} Qa5 9. Qd2 a6 {[%cal Ba7a6,Ba6b5,Bb5b4][%mdl 32]} 10. Be2 b5 11. cxb5 (11. O-O $11 {remains equal.}) 11... axb5 $17 12. Ne4 $2 {[%mdl 8192] [#]} (12. a4 $17 {is a better chance.}) 12... Nxe4 $19 13. Qxa5 Rxa5 14. dxe4 Bxb2 15. Rb1 Bc3+ 16. Kf1 b4 17. g3 Rxa2 18. Bc4 Ba6 19. Bxa6 Rxa6 20. Kg2 e5 21. Rhd1 exf4 22. Rxd6 fxe3 23. Ne5 Bxe5 24. Rd5 exf2 25. Kxf2 O-O 26. Kf3 Nd4+ 27. Kg4 h5+ 28. Kg5 Re8 29. Rf1 Ne6+ {Black took control after the opening. Accuracy: White = 53%, Black = 75%.} 0-1

[Event "Stay Safe Play From Home 359"]
[Site "Emanuel Lasker Arena"]
[Date "2020.08.05"]
[Round "7"]
[White "Buzaglo"]
[Black "TheCHESSHOUSE"]
[Result "0-1"]
[WhiteElo "1849"]
[BlackElo "2057"]
[Annotator "TA"]
[PlyCount "80"]
[EventDate "2020.08.05"]
[EventType "swiss (blitz)"]

{[%evp 13,79,7,43,28,52,55,64,38,57,49,62,69,66,33,48,29,45,0,0,0,6,0,6,4,311,9,70,0,10,0,-4,0,37,0,0,0,0,-25,-14,-37,-21,-29,0,0,0,0,0,-543,-40,-244,-45,-22,-38,-151,-8,-225,-108,-290,0,-108,-31,-210,-220,-29992,-29993,-29998,-29999,-29999]} 1. d4 Nf6 2. Nf3 g6 3. g3 Bg7 4. Bg2 d6 5. O-O O-O 6. b3 Nc6 7. c4 Bg4 8. Bb2 {E60: King's Indian: Unusual lines and Fianchetto Variation without Nc3.} Bxf3 9. Bxf3 e5 10. dxe5 {[#] White is slightly better.} Nxe5 $146 ({Predecessor:} 10... dxe5 11. Nc3 Qe7 12. Nd5 Nxd5 13. cxd5 Nd4 14. Bg2 c5 15. dxc6 Nxc6 16. Bxc6 bxc6 17. Qc2 Rfd8 18. e4 Qe6 19. Rfd1 h5 20. h4 a5 21. Bc3 Rxd1+ 22. Rxd1 a4 {½-½ (22) Petkevich,J (2445)-Zaitsev,I (2430) Moscow 1994}) 11. Bg2 c6 12. Nc3 Qc7 13. Rc1 Rad8 14. Qc2 a6 15. c5 d5 16. e3 Nfd7 17. b4 Nc4 18. Ba1 f5 $2 {[%mdl 8192] [#]} (18... Nf6 $11 {and Black is okay.}) 19. Rfd1 $2 ({Don't play} 19. Nxd5 cxd5 20. Bxd5+ Kh8 $18) (19. Bxd5+ $1 $18 {[%mdl 512]} cxd5 20. Nxd5 {[%mdl 64] Discovered Attack}) 19... Nde5 (19... Nce5 $1 $11) 20. Ne2 ({Better is} 20. Nxd5 $1 $14 cxd5 21. Bxd5+ Rxd5 22. Rxd5) 20... Kh8 21. Nd4 {And now Ne6 would win.} Rde8 22. a4 Ng4 23. b5 (23. Re1 {seems wilder.} Qf7 24. Bf1 Kg8 25. Qa2 Nce5 26. f3) 23... Ngxe3 24. fxe3 Nxe3 25. Qd3 {aiming for Re1.} (25. Qd2 {with more complications.} Nxd1 26. Rxd1 Rf7 27. bxa6 bxa6 28. Bc3) 25... Nxd1 26. Rxd1 axb5 27. axb5 Re7 28. bxc6 bxc6 29. Bc3 Rfe8 30. h3 $2 {[%mdl 8192]} (30. Nc2 $11) 30... h6 $2 ({Black should play} 30... Re3 $19 31. Qd2 Qxg3) 31. Nf3 $2 (31. Nc2 $15) 31... Kh7 $2 (31... Qxg3 $19 32. Bxg7+ Kxg7 33. Qd4+ Kf7) 32. Bxg7 $15 Rxg7 33. Qd4 (33. Kh2 $15) 33... Rge7 ({Black should try} 33... Qxg3 $17 {...Re2 is the strong threat.} 34. Qf2 Qxf2+ 35. Kxf2 Rc7) 34. h4 $2 (34. Qf4 $11) 34... Re4 (34... Qxg3 $19 35. Ra1 Rb7) 35. Qd2 $2 (35. Qc3 $17 {was necessary.}) 35... R8e6 $2 (35... Qxg3 $19 {( -> ...Re2)} 36. Qf2 Qxf2+ 37. Kxf2 Re2+ 38. Kg1 Rc2) 36. Kh2 (36. Nd4 $11) 36... Re2 (36... Rg4 $17 37. Qf2 f4 38. gxf4 Re4) 37. Qd3 $2 (37. Qf4 $15 Qxf4 38. gxf4) 37... R6e3 $19 38. Qd4 $2 {[#]} (38. Qa6 $19 Rb2 39. Rf1) 38... Rxf3 $1 {Black mates.} 39. Qf6 Qxg3+ {[%mdl 64] Double Attack} 40. Kh1 Qxg2# {Accuracy: White = 36%, Black = 48%.} 0-1

[Event "Stay Safe Play From Home 359"]
[Site "Emanuel Lasker Arena"]
[Date "2020.08.05"]
[Round "7"]
[White "Ao017545"]
[Black "Lazieri3"]
[Result "0-1"]
[WhiteElo "1585"]
[BlackElo "2055"]
[Annotator "NA RC"]
[PlyCount "84"]
[EventDate "2020.08.05"]
[EventType "swiss (blitz)"]

1. e4 {[%emt 0:00:01]} c6 {[%emt 0:00:00]} 2. Nf3 {[%emt 0:00:00]} d5 {[%emt 0:00:00]} 3. Nc3 {[%emt 0:00:01]} dxe4 {[%emt 0:00:01]} 4. Nxe4 {[%emt 0:00:00]} Nf6 {[%emt 0:00:00]} 5. Neg5 {[%emt 0:00:02]} h6 {[%emt 0:00:01]} 6. Nh3 {[%emt 0:00:02]} g5 {[%emt 0:00:02]} 7. Ne5 {[%emt 0:00:07]} Bxh3 {[%emt 0:00:03]} 8. gxh3 {[%emt 0:00:05]} Bg7 {[%emt 0:00:00]} 9. Bc4 {[%emt 0:00:03]} e6 {[%emt 0:00:01]} 10. Qe2 {[%emt 0:00:03]} Nbd7 {[%emt 0:00:01]} 11. Nxf7 {[%emt 0:00:03]} Qe7 {[%emt 0:00:07]} 12. Nxh8 {[%emt 0:00:03]} Bxh8 {[%emt 0:00:00]} 13. Qxe6 {[%emt 0:00:02]} Nb6 {[%emt 0:00:02]} 14. Qxe7+ {[%emt 0:00:01]} Kxe7 {[%emt 0:00:00]} 15. Bb3 {[%emt 0:00:00]} Rf8 {[%emt 0:00:02]} 16. d3 {[%emt 0:00:01]} Nh5 {[%emt 0:00:01]} 17. O-O {[%emt 0:00:01]} Bd4 {[%emt 0:00:01]} 18. Be3 {[%emt 0:00:02]} Be5 {[%emt 0:00:02]} 19. h4 {[%emt 0:00:02]} Kd6 {[%emt 0:00:02]} 20. hxg5 {[%emt 0:00:04]} hxg5 {[%emt 0:00:00]} 21. d4 {[%emt 0:00:01]} Bf4 {[%emt 0:00:02]} 22. Bxf4+ {[%emt 0:00:01]} Nxf4 {[%emt 0:00:00]} 23. c3 {[%emt 0:00:01]} Nbd5 {[%emt 0:00:03]} 24. Rae1 {[%emt 0:00:01]} Rh8 {[%emt 0:00:03]} 25. Bxd5 {[%emt 0:00:03]} cxd5 {[%emt 0:00:01]} 26. Re3 {[%emt 0:00:01]} Nh3+ {[%emt 0:00:01]} 27. Kh1 {[%emt 0:00:01]} g4 {[%emt 0:00:02]} 28. Rfe1 {[%emt 0:00:00]} Nxf2+ {[%emt 0:00:01]} 29. Kg2 {[%emt 0:00:00]} Nh3 {[%emt 0:00:01]} 30. Re6+ {[%emt 0:00:00]} Kc7 {[%emt 0:00:01]} 31. Re7+ {[%emt 0:00:00]} Kb8 {[%emt 0:00:01]} 32. R1e6 {[%emt 0:00:00]} Nf4+ {[%emt 0:00:01]} 33. Kg3 {[%emt 0:00:02]} Nxe6 {[%emt 0:00:00]} 34. Rxe6 {[%emt 0:00:01]} Kc7 {[%emt 0:00:02]} 35. Kxg4 {[%emt 0:00:00]} Rxh2 {[%emt 0:00:02]} 36. Re5 {[%emt 0:00:02]} Kc6 {[%emt 0:00:01]} 37. Rxd5 {[%emt 0:00:00]} Kxd5 {[%emt 0:00:01]} 38. c4+ {[%emt 0:00:01]} Kxd4 {[%emt 0:00:01]} 39. Kg3 {[%emt 0:00:00]} Rxb2 {[%emt 0:00:02]} 40. Kf3 {[%emt 0:00:00]} Kxc4 {[%emt 0:00:00]} 41. Kf4 {[%emt 0:00:00]} Rxa2 {[%emt 0:00:00]} 42. Ke5 {[%emt 0:00:00]} Ra6 {[%emt 0:00:00]} 0-1

[Event "Stay Safe Play From Home 359"]
[Site "Emanuel Lasker Arena"]
[Date "2020.08.05"]
[Round "8"]
[White "NTBT_DHS"]
[Black "Nuktotitakoi"]
[Result "1-0"]
[WhiteElo "2603"]
[BlackElo "2454"]
[Annotator "TA"]
[PlyCount "73"]
[EventDate "2020.08.05"]
[EventType "swiss (blitz)"]

{[%evp 10,73,31,0,0,0,10,11,32,14,19,10,10,15,11,16,92,15,16,6,300,99,104,104,95,99,134,116,131,108,194,-6,127,0,188,145,455,213,222,233,214,211,216,202,199,90,266,240,248,249,502,501,472,486,450,169,689,600,1119,1094,2095,2025,2480,767,1147,1141]} 1. d4 d6 2. Nc3 Nf6 3. e4 g6 4. Bg5 Bg7 5. e5 Nfd7 6. f4 O-O {B07: Pirc Defence: Miscellaneous Systems.} 7. Bc4 Nb6 8. Bb3 d5 {[#] The position is equal.} 9. h3 $146 ({Predecessor:} 9. Qf3 c6 10. O-O-O a5 11. a4 f6 12. exf6 exf6 13. Bh4 Qd7 14. h3 Na6 15. Qf2 {1-0 (44) Dudin,D (2108)-Kishibaev,I (2069) Astrakhan 2013}) 9... a5 10. a3 Nc6 11. Nf3 a4 12. Ba2 Bf5 (12... f6 $11 13. Bh4 Bh6) 13. g4 (13. Qe2 $16) 13... Be4 $1 $11 {[%cal Re4f3]} 14. O-O f6 $2 {[%mdl 8192]} (14... Bxf3 $11 {and Black is okay.} 15. Rxf3 f6) 15. exf6 $2 (15. Nxe4 $18 {and the rest is easy. And now Bh4 would win.} fxg5 16. Nfxg5 (16. Nexg5 Qd7 $16)) 15... exf6 16. Nxe4 {[#] Threatens to win with Bh4.} fxg5 17. Nexg5 Qd7 18. Ne5 Nxe5 19. dxe5 c6 (19... h6 $16 20. Ne4 Kh8) 20. Qf3 $2 {[#]} (20. Qd4 $18 h6 21. Nf3 (21. Qxb6 hxg5 22. c4 d4 $11)) 20... Qe7 (20... Bxe5 $11 21. Qe3 {[%mdl 64] Double Attack} Bc7) 21. Qg3 (21. Qe3 $16 Bh6 22. Qxb6 Bxg5 23. Qe3 (23. fxg5 Qxe5 24. Kg2 Qe2+ 25. Rf2 Rxf2+ 26. Qxf2 Qe4+ 27. Kg3 Rf8 $18)) 21... Qc5+ $2 (21... Bxe5 $1 $11 {and Black stays safe.} 22. fxe5 Qxg5) 22. Qf2 Qe7 $2 {[%mdl 8192]} (22... Qxf2+ $16 23. Rxf2 Rae8) 23. Rae1 (23. Qxb6 $142 h6 24. Ne4) 23... Nc4 24. Bxc4 $1 dxc4 25. Qd4 b5 26. Ne4 Rad8 27. Nd6 (27. Qb6 $18 {has better winning chances.}) 27... Qe6 $2 (27... g5 $16 {might work better.}) 28. Qc5 h5 29. f5 (29. Qxc6 $6 hxg4 30. h4 (30. Qxb5 gxh3 31. Kh2 g5 $16) 30... Bh6 $16) 29... gxf5 $2 (29... Qe7 {is a better defense.} 30. Qxc6 hxg4 31. Qxb5 (31. hxg4 Bxe5 32. Qd5+ Kg7 $16) 31... Bxe5) 30. gxf5 $18 Qd5 31. Qxd5+ cxd5 32. f6 $2 (32. Nxb5 {f6 is the strong threat.} Rde8 33. f6 Bxf6 34. exf6 Rxe1 35. Rxe1) 32... Bh6 $2 (32... Bxf6 33. Nf5 (33. exf6 Rxd6 34. Re5 Rfxf6 $11) (33. Nxb5 Bh4 $14) 33... Bh8) 33. Nf5 {White is clearly winning.} Bd2 34. Re2 c3 35. bxc3 Bxc3 36. Rf3 (36. Rg2+ $142 Kh7 37. Ne7) 36... Kh7 37. Rxc3 {Accuracy: White = 46%, Black = 33%.} 1-0

[Event "Stay Safe Play From Home 359"]
[Site "Emanuel Lasker Arena"]
[Date "2020.08.05"]
[Round "8"]
[White "Tran Minh Thang"]
[Black "Gokerkan"]
[Result "0-1"]
[WhiteElo "2477"]
[BlackElo "2599"]
[Annotator "RC"]
[PlyCount "130"]
[EventDate "2020.08.05"]
[EventType "swiss (blitz)"]

1. d4 {[%emt 0:00:01]} g6 {[%emt 0:00:00]} 2. h4 {[%emt 0:00:01]} c5 {[%emt 0:00:00]} 3. h5 {[%emt 0:00:00]} Bg7 {[%emt 0:00:01]} 4. hxg6 {[%emt 0:00:00]} hxg6 {[%emt 0:00:01]} 5. Rxh8 {[%emt 0:00:00]} Bxh8 {[%emt 0:00:00]} 6. c3 {[%emt 0:00:00]} cxd4 {[%emt 0:00:01]} 7. cxd4 {[%emt 0:00:00]} d5 {[%emt 0:00:00]} 8. Nf3 {[%emt 0:00:00]} Nc6 {[%emt 0:00:00]} 9. Nc3 {[%emt 0:00:01]} Bg4 {[%emt 0:00:00]} 10. e3 {[%emt 0:00:01]} a6 {[%emt 0:00:01]} 11. Be2 {[%emt 0:00:01]} e6 {[%emt 0:00:01]} 12. b3 {[%emt 0:00:01]} Rc8 {[%emt 0:00:01]} 13. Bd2 {[%emt 0:00:01]} Nge7 {[%emt 0:00:01]} 14. a3 {[%emt 0:00:01]} Kf8 {[%emt 0:00:03]} 15. b4 {[%emt 0:00:00]} Kg8 {[%emt 0:00:01]} 16. Na4 {[%emt 0:00:00]} e5 {[%emt 0:00:03]} 17. dxe5 {[%emt 0:00:03]} Bxf3 {[%emt 0:00:01]} 18. Bxf3 {[%emt 0:00:01]} Nxe5 {[%emt 0:00:00]} 19. Rb1 {[%emt 0:00:01]} Nd3+ {[%emt 0:00:01]} 20. Ke2 {[%emt 0:00:01]} Ne5 {[%emt 0:00:03]} 21. Nc5 {[%emt 0:00:01]} b6 {[%emt 0:00:02]} 22. Nxa6 {[%emt 0:00:02]} Nc4 {[%emt 0:00:01]} 23. b5 {[%emt 0:00:03]} Nf5 {[%emt 0:00:04]} 24. Rc1 {[%emt 0:00:02]} d4 {[%emt 0:00:03]} 25. e4 {[%emt 0:00:04]} d3+ {[%emt 0:00:01]} 26. Kf1 {[%emt 0:00:00]} Nd4 {[%emt 0:00:01]} 27. Bc3 {[%emt 0:00:03]} d2 {[%emt 0:00:04]} 28. Bxd2 {[%emt 0:00:03]} Nxf3 {[%emt 0:00:02]} 29. gxf3 {[%emt 0:00:03]} Nxd2+ {[%emt 0:00:02]} 30. Ke2 {[%emt 0:00:03]} Rxc1 {[%emt 0:00:01]} 31. Qxc1 {[%emt 0:00:00]} Nb3 {[%emt 0:00:00]} 32. Qe3 {[%emt 0:00:06]} Nd4+ {[%emt 0:00:01]} 33. Kf1 {[%emt 0:00:00]} Nxb5 {[%emt 0:00:00]} 34. Nb4 {[%emt 0:00:01]} Qd4 {[%emt 0:00:04]} 35. Qg5 {[%emt 0:00:02]} Nc3 {[%emt 0:00:04]} 36. Nc6 {[%emt 0:00:02]} Qc4+ {[%emt 0:00:01]} 37. Kg2 {[%emt 0:00:01]} Qxc6 {[%emt 0:00:00]} 38. Qd8+ {[%emt 0:00:00]} Kh7 {[%emt 0:00:01]} 39. Qh4+ {[%emt 0:00:01]} Kg7 {[%emt 0:00:01]} 40. Qe7 {[%emt 0:00:01]} Qe6 {[%emt 0:00:01]} 41. Qd7 {[%emt 0:00:00]} Nxe4 {[%emt 0:00:01]} 42. Kf1 {[%emt 0:00:00]} Nf6 {[%emt 0:00:01]} 43. Qxe6 {[%emt 0:00:00]} fxe6 {[%emt 0:00:01]} 44. Ke2 {[%emt 0:00:00]} Nd5 {[%emt 0:00:00]} 45. Kd3 {[%emt 0:00:00]} Kf7 {[%emt 0:00:00]} 46. Kc4 {[%emt 0:00:00]} Bb2 {[%emt 0:00:00]} 47. Kb5 {[%emt 0:00:00]} Bxa3 {[%emt 0:00:00]} 48. Kc4 {[%emt 0:00:02]} Bc5 {[%emt 0:00:00]} 49. Kd3 {[%emt 0:00:00]} Bxf2 {[%emt 0:00:00]} 50. Ke4 {[%emt 0:00:00]} Nf4 {[%emt 0:00:00]} 51. Kxf4 {[%emt 0:00:01]} b5 {[%emt 0:00:00]} 52. Ke4 {[%emt 0:00:00]} b4 {[%emt 0:00:00]} 53. Kd3 {[%emt 0:00:00]} b3 {[%emt 0:00:00]} 54. Kc3 {[%emt 0:00:00]} Kf6 {[%emt 0:00:00]} 55. Kb2 {[%emt 0:00:00]} Kf5 {[%emt 0:00:00]} 56. Kxb3 {[%emt 0:00:00]} Kf4 {[%emt 0:00:00]} 57. Kc2 {[%emt 0:00:00]} Kxf3 {[%emt 0:00:00]} 58. Kd1 {[%emt 0:00:00]} e5 {[%emt 0:00:00]} 59. Kc2 {[%emt 0:00:00]} e4 {[%emt 0:00:00]} 60. Kd1 {[%emt 0:00:00]} e3 {[%emt 0:00:00]} 61. Kc2 {[%emt 0:00:00]} e2 {[%emt 0:00:00]} 62. Kd3 {[%emt 0:00:00]} e1=Q {[%emt 0:00:00]} 63. Kc4 {[%emt 0:00:00]} g5 {[%emt 0:00:00]} 64. Kd5 {[%emt 0:00:00]} g4 {[%emt 0:00:00]} 65. Kc6 {[%emt 0:00:00]} g3 {[%emt 0:00:00] Tran Minh Thang resigns Tran Minh Thang resigns Tran Minh Thang resigns Tran Minh Thang resigns Tran Minh Thang resigns (Lag: Av=0.71s, max=1.0s) (Lag: Av=0.71s, max=1.0s) (Lag: Av=0.71s, max=1.0s) (Lag: Av=0.71s, max=1.0s) (Lag: Av=0.71s, max=1.0s)} 0-1

[Event "Stay Safe Play From Home 359"]
[Site "Emanuel Lasker Arena"]
[Date "2020.08.05"]
[Round "8"]
[White "BrainThinker22"]
[Black "Buzaglo"]
[Result "1-0"]
[WhiteElo "2313"]
[BlackElo "1842"]
[Annotator "NA RC"]
[PlyCount "143"]
[EventDate "2020.08.05"]
[EventType "swiss (blitz)"]

1. e4 {[%emt 0:00:00]} e6 {[%emt 0:00:00]} 2. Nc3 {[%emt 0:00:01]} d5 {[%emt 0:00:00]} 3. d3 {[%emt 0:00:00]} d4 {[%emt 0:00:01]} 4. Nce2 {[%emt 0:00:01]} c5 {[%emt 0:00:00]} 5. g3 {[%emt 0:00:00]} Nc6 {[%emt 0:00:00]} 6. Bg2 {[%emt 0:00:00]} Bd6 {[%emt 0:00:01]} 7. f4 {[%emt 0:00:00]} e5 {[%emt 0:00:01]} 8. Nf3 {[%emt 0:00:01]} exf4 {[%emt 0:00:01]} 9. Bxf4 {[%emt 0:00:00]} Bxf4 {[%emt 0:00:01]} 10. Nxf4 {[%emt 0:00:00]} Nf6 {[%emt 0:00:00]} 11. O-O {[%emt 0:00:01]} O-O {[%emt 0:00:02]} 12. h3 {[%emt 0:00:01]} Bd7 {[%emt 0:00:02]} 13. Qd2 {[%emt 0:00:01]} Re8 {[%emt 0:00:02]} 14. Rae1 {[%emt 0:00:01]} Nb4 {[%emt 0:00:01]} 15. a3 {[%emt 0:00:01]} Nc6 {[%emt 0:00:02]} 16. e5 {[%emt 0:00:00]} Nxe5 {[%emt 0:00:08]} 17. Nxe5 {[%emt 0:00:00]} Bb5 {[%emt 0:00:03]} 18. g4 {[%emt 0:00:04]} g5 {[%emt 0:00:02]} 19. Nd5 {[%emt 0:00:09]} Nxd5 {[%emt 0:00:00]} 20. Bxd5 {[%emt 0:00:01]} Qxd5 {[%emt 0:00:10]} 21. Qxg5+ {[%emt 0:00:01]} Kf8 {[%emt 0:00:02]} 22. Rxf7+ {[%emt 0:00:05]} Qxf7 {[%emt 0:00:00]} 23. Nxf7 {[%emt 0:00:01]} Kxf7 {[%emt 0:00:00]} 24. Qf5+ {[%emt 0:00:03]} Kg7 {[%emt 0:00:01]} 25. Rxe8 {[%emt 0:00:04]} Rxe8 {[%emt 0:00:00]} 26. Qxc5 {[%emt 0:00:02]} a6 {[%emt 0:00:02]} 27. Qxd4+ {[%emt 0:00:01]} Kf8 {[%emt 0:00:00]} 28. Qh8+ {[%emt 0:00:02]} Ke7 {[%emt 0:00:01]} 29. Qxh7+ {[%emt 0:00:00]} Kd8 {[%emt 0:00:01]} 30. Qxb7 {[%emt 0:00:00]} Re1+ {[%emt 0:00:02]} 31. Kf2 {[%emt 0:00:01]} Re7 {[%emt 0:00:00]} 32. Qb8+ {[%emt 0:00:03]} Kd7 {[%emt 0:00:00]} 33. Qa7+ {[%emt 0:00:01]} Ke6 {[%emt 0:00:00]} 34. Qe3+ {[%emt 0:00:01]} Kf7 {[%emt 0:00:01]} 35. Qxe7+ {[%emt 0:00:00]} Kxe7 {[%emt 0:00:02]} 36. c4 {[%emt 0:00:00]} Kd6 {[%emt 0:00:00]} 37. cxb5 {[%emt 0:00:01]} axb5 {[%emt 0:00:00]} 38. Ke3 {[%emt 0:00:01]} Kc5 {[%emt 0:00:00]} 39. b4+ {[%emt 0:00:00]} Kd6 {[%emt 0:00:00]} 40. h4 {[%emt 0:00:00]} Kd5 {[%emt 0:00:00]} 41. h5 {[%emt 0:00:00]} Ke6 {[%emt 0:00:00]} 42. Kd4 {[%emt 0:00:01]} Kf6 {[%emt 0:00:00]} 43. Kc5 {[%emt 0:00:00]} Ke6 {[%emt 0:00:00]} 44. Kxb5 {[%emt 0:00:00]} Ke7 {[%emt 0:00:00]} 45. a4 {[%emt 0:00:00]} Kd7 {[%emt 0:00:00]} 46. a5 {[%emt 0:00:00]} Kc8 {[%emt 0:00:00]} 47. Kc4 {[%emt 0:00:00]} Kc7 {[%emt 0:00:01]} 48. d4 {[%emt 0:00:00]} Kb7 {[%emt 0:00:00]} 49. d5 {[%emt 0:00:01]} Ka7 {[%emt 0:00:00]} 50. Kd4 {[%emt 0:00:00]} Kb7 {[%emt 0:00:00]} 51. Ke5 {[%emt 0:00:00]} Kc8 {[%emt 0:00:00]} 52. g5 {[%emt 0:00:00]} Kd8 {[%emt 0:00:00]} 53. g6 {[%emt 0:00:00]} Ke8 {[%emt 0:00:00]} 54. h6 {[%emt 0:00:00]} Kf8 {[%emt 0:00:00]} 55. h7 {[%emt 0:00:00]} Kg7 {[%emt 0:00:01]} 56. Kd6 {[%emt 0:00:00]} Kh8 {[%emt 0:00:00]} 57. g7+ {[%emt 0:00:01]} Kxg7 {[%emt 0:00:00]} 58. h8=Q+ {[%emt 0:00:01]} Kxh8 {[%emt 0:00:01]} 59. Kc7 {[%emt 0:00:00]} Kg7 {[%emt 0:00:00]} 60. b5 {[%emt 0:00:00]} Kf6 {[%emt 0:00:00]} 61. b6 {[%emt 0:00:00]} Ke5 {[%emt 0:00:00]} 62. b7 {[%emt 0:00:00]} Kd4 {[%emt 0:00:00]} 63. b8=Q {[%emt 0:00:00]} Kc5 {[%emt 0:00:00]} 64. a6 {[%emt 0:00:00]} Kd4 {[%emt 0:00:00]} 65. a7 {[%emt 0:00:00]} Ke5 {[%emt 0:00:00]} 66. d6 {[%emt 0:00:00]} Kd4 {[%emt 0:00:00]} 67. d7 {[%emt 0:00:00]} Kd5 {[%emt 0:00:00]} 68. d8=Q+ {[%emt 0:00:00]} Ke5 {[%emt 0:00:00]} 69. Qb5+ {[%emt 0:00:01]} Ke4 {[%emt 0:00:01]} 70. Qdd5+ {[%emt 0:00:01]} Kf4 {[%emt 0:00:00]} 71. Qf1+ {[%emt 0:00:01]} Ke3 {[%emt 0:00:01]} 72. Qff3# {[%emt 0:00:00] Mate Mate Mate Mate Mate} 1-0